[Event "Championnat 13"]
[Site "Vitrolles"]
[Date "2012.11.10"]
[Round "3"]
[White "Bertrand, Alexandre"]
[Black "Colandreas, Sauveur"]
[Result "1-0"]
[WhiteElo "1706"]
[BlackElo "1839"]
[Annotator "Gozzoli,Y"]
[PlyCount "85"]
[EventDate "2012.??.??"]
[EventType "swiss"]
[EventRounds "6"]
[EventCountry "FRA"]
[SourceDate "2005.09.12"]

1. e4 Nf6 2. e5 Nd5 3. c4 Nb6 4. d4 d6 5. f4 {La dangereuse Attaque des 4
pions de l'Alekhine ! Mais dangereuse aussi pour les Blancs !} Bf5 (5... dxe5
6. fxe5 c5 7. d5 e6 {est l'autre manière de traiter l'ouverture.}) 6. Nc3 dxe5
7. fxe5 e6 8. Nf3 Be7 {le traitement classique.} (8... Nc6 {est plus souple et
permet de choisir un autre plan que celui de la partie. En effet, après} 9. Be3
Qd7 $5 {avec l'idée 0-0-0 et attaquer la "faiblesse" en d4 est plus prometteur.
}) 9. Be2 O-O 10. O-O f6 (10... Nc6 11. Be3 f6 {mène à la position principale
de la ligne.}) 11. Be3 {pas un mauvais coup mais pas la meilleure manière de
tirer profit de l'ordre de coup noir.} (11. c5 $5 {méritait l'attention.})
11... fxe5 $6 {prématuré.} (11... Nc6 {augmentant la pression sur le centre
blanc était plus adéquate.}) 12. Nxe5 $14 N8d7 13. Nxd7 $6 {Illogique. Les
Blancs ont l'avantage d'espace, ils ne doivent donc pas libérer la position
noire en échangeant des pièces.} (13. Nf3 $1 c5 14. b3 $16 {les Blancs ont une
meilleure structure et une meilleure harmonie des pièces.}) 13... Qxd7 14. Qb3
c6 $6 {trop passif !} (14... a5 $1 {pour créer des cases faibles dans le camp
blanc était plus fort.} 15. a4 Bb4 $11) 15. Rad1 Rad8 16. c5 $2 {Une grosse
faute stratégique. Maintenant les Noirs vont prendre l'avantage grâce à la
grosse faiblesse qu'est le pion d4.} (16. a4 $1 {Pour chasser le Nb6 loin du
centre était fort. D'autant plus qu'} a5 {n'est plus possible car le Nb6 n'est
plus protégé !}) 16... Nd5 $1 17. Nxd5 exd5 $11 {Diagramme [#] La position est
égale pour l'instant mais bien plus simple à jouer pour les Noirs.} 18. Bf4
Rde8 19. Bh5 $6 (19. Bd3 $11) 19... g6 20. Qg3 $6 (20. Bf3 g5 $1 21. Be5 (21.
Be3 g4 22. Be2 Bf6 $15) 21... Bxc5 $1 22. Qe3 Qe7 23. dxc5 Qxe5 24. Qxg5+ Bg6
25. Qxe5 Rxe5 $15) 20... Bf6 $6 {donne la case d6 sans raison pour le Bf4 !} (
20... b6 $1 21. cxb6 axb6 $15) 21. Bd6 Rf7 22. Bf3 Bg7 $15 {Les Noirs sont
toujours mieux mais ont permis aux Blancs de s'organiser.} 23. Rfe1 Rf6 $6 {
Les Noirs ont hâte d'organiser leur R au combat de la colonne 'e' mais il y
avait mieux !} ({le difficile enchaînement} 23... Rxe1+ $1 24. Qxe1 Bc2 $1 25.
Rd2 Be4 $1 26. Bxe4 Qe6 $1 27. h3 (27. Re2 $2 Bxd4+ 28. Kh1 dxe4 29. Rxe4 $140
$4 Qxe4 $1 $19) 27... dxe4 {donnait un très sérieux avantage aux Noirs.}) 24.
Rxe8+ $1 {Les Blancs vont bien réagir et égaliser en éliminant les dangereuses
pièces noires.} Qxe8 25. Be5 $1 {échange le désagréable B de cases noires qui
mettait la pression sur d4} Re6 26. Bxg7 Kxg7 27. Kf2 $6 (27. Qc7+ $1 {était
le bon chemin vers l'égalité.} Kg8 (27... Re7 28. Re1 $1 $11) 28. h3 $11) 27...
Qf7 (27... Qe7 $1 {gardant le contrôle des cases noires et de la colonne 'e'
reprennait l'avantage. Les Noirs vont continuer par ...b6 et/ou ...Be4.}) 28.
Qf4 Re7 (28... Qe7 $1) 29. g4 $2 {trop affaiblissant !} (29. Re1 $11) 29... Be4
$1 $17 30. Qg3 Qf6 31. Kg2 Rf7 $2 (31... Qg5 $1 $17 {avec l'idée ...Qe3
donnait aux Noirs un très gros avantage.}) 32. Bxe4 dxe4 33. Qe5 $6 (33. g5 $1
Qf5 34. Re1 $11) 33... Re7 $6 (33... Qxe5 34. dxe5 e3 $1 $15) 34. Qxf6+ Kxf6
35. Re1 $11 {La finale est égale. Les deux camps ont leur propre rêve: les
Noirs veulent amener leur K en d5 et les Blancs veulent amener le leur en e3 !
Mais le rêve blanc semble être le plus simple à réaliser, les Noirs ne pouvant
jamais passer sur e6 à cause du pion e4 en l'air !} g5 $6 {Il ne faut pas
s'accrocher au pion 'e', il faut surtout bloquer la case d5 !} (35... e3 $1 36.
Kf3 (36. h4 Re4 $11) 36... Rd7 $1 $132 (36... Kg5 $2 37. Rxe3 Rxe3+ 38. Kxe3
Kxg4 39. d5 $16 cxd5 40. Kd4 (40. b4 $6 Kf5 $19) 40... a5 (40... Kh3 41. b4 $1
$18) 41. Kxd5 Kh3 42. Kd6 g5 43. Kc7 Kxh2 44. Kxb7 g4 45. c6 g3 46. c7 g2 47.
c8=Q g1=Q 48. Qc7+ Kg2 49. Qxh7 $16)) 36. Kf2 b6 $6 {affaibli c6 !} (36... Kg6
37. Ke3 Rf7 $132) 37. b4 $6 (37. Rc1 $1 b5 38. Ke3 $16) 37... bxc5 38. bxc5 h6
$2 {la faute décisive.} (38... Kg6 39. Ke3 h5 $132) 39. Ke3 $16 {Les Blancs
vont maintenant s'emparer de l'avantage et ne plus le lâcher.} Ke6 40. Rf1 Kd5
41. Rf6 h5 42. gxh5 Rh7 43. Rf5+ 1-0

[Event "Championnat 13"]
[Site "Vitrolles"]
[Date "2012.11.10"]
[Round "3"]
[White "Derien, Robert"]
[Black "Estevez, Ange"]
[Result "1-0"]
[WhiteElo "1699"]
[BlackElo "1628"]
[Annotator "Gozzoli,Y"]
[PlyCount "63"]
[EventDate "2012.??.??"]
[EventType "swiss"]
[EventRounds "6"]
[EventCountry "FRA"]
[SourceDate "2005.09.12"]

1. e4 e5 2. Nf3 Nc6 3. Bc4 Nf6 4. d3 Bc5 5. Nc3 {La variante Canal.} (5. c3 {
mène au Giucco Piano.}) 5... h6 {Un réfléxe contre la combinaison Bg5-Nd5 mais
pas nécéssaire !} (5... d6 6. Bg5 h6 7. Bxf6 Qxf6 8. Nd5 Qd8 9. c3 a6 10. d4
exd4 11. cxd4 Ba7 $11) 6. a3 O-O 7. O-O Re8 {pas nécéssaire dans la position.}
(7... a6 {Pour pouvoir jouer d6 sans craindre Na4 est plus précis.}) 8. h3 (8.
b4 Bf8 9. Nd5 {pour jouer c3-d4 est plus fort.}) 8... a6 9. b4 Bf8 $6 {
illogique !} (9... Ba7 {garde le B sur belle diagonale est la véritable idée
de ...a6 !}) 10. Bb2 d6 11. Nd5 $14 {Diagramme [#] L'ouverture des Blancs est
un véritable succès, leur position est saine et donne beaucoup de perspectives.
} g5 $6 {beaucoup trop affaiblissant !} (11... Nxd5 12. Bxd5 Qf6 13. Nh2 $14 {
/=}) 12. Nh2 {Les Blancs vont maintenant pouvoir utiliser l'affaiblissement
des cases blanches à l'aile-K} Bg7 13. Qf3 $6 (13. Nxf6+ Qxf6 14. Ng4 Qg6 15.
Ne3 $16 {était la bonne séquence de coups pour souligner les cases faibles !})
13... Nd4 $1 {Bonne réaction ! Les Noirs libèrent donc le pion c6 pour chasser
le Nd5 et l'empêcher de venir en e3 pour cibler f5.} 14. Bxd4 exd4 15. Nxf6+
Qxf6 16. Qh5 Re7 $6 (16... Be6 $11 {éliminant le dangereux B de cases blanches
égalisait.}) 17. Rae1 (17. Ng4 $1 {gagnant le B de cases blanches adverse
sécurisait un gros avantage aux Blancs.}) 17... Be6 $1 {Mieux vaut tard que
jamais !} 18. Bxe6 Qxe6 $6 (18... Rxe6 $132 {gardant f4 sous contrôle laissait
les Blancs avec des problèmes pour monter leur attaque et de nombreuses
faiblesses à l'aile-Q}) 19. f4 $1 $40 {Les Blancs ne ratent pas leur chance et
se lancent à l'attaque du roque adverse !} Qg6 20. Qf3 {pas le meilleur !} (20.
Qxg6 $1 fxg6 21. fxg5 hxg5 22. Ng4 $16) 20... gxf4 21. Qxf4 Be5 22. Qf5 $2 {
pourquoi vouloir échanger les Q maintenant ?} (22. Qh4 $36) 22... Qxf5 $1 {
bien sûr !} 23. Rxf5 Bxh2+ $2 (23... c6 $1 {avec l'idée a6-a5 sans craindre
b4-b5 était fort !} 24. Ng4 Kg7 25. Rh5 Re6 26. Rf1 a5 $1 $132 27. Rhf5 Re7 28.
Rh5 Re6 29. Rhf5 Re7 $11) 24. Kxh2 $16 {La finale de pièces lourdes est très
difficile pour les Noirs. La Rf5 est très forte et le pion d4 est difficile à
soutenir.} Kh7 $2 {La faute décisive.} (24... Re5 {Pour contester l'activité
horizontale de la Rf5 s'imposait.}) 25. Ref1 Rf8 26. h4 (26. Rd5 {gagnait le
pion d4.}) 26... c6 27. h5 $6 {pourquoi perdre la case h5 qui aurait pu être
parfaite pour une R ou le K !} b6 $6 (27... Kg7 {les Noirs doivent se
contenter d'une défense passive et ne doivent surtout pas toucher aux pions
pour le pas créer de nouvelles faiblesses !}) 28. Rf6 Rd7 29. R1f5 (29. e5 $1 {
soulignait parfaitement l'inconvénient de 27...b6} dxe5 30. Rxc6 {gagne tout.})
29... c5 $2 (29... Kg7 $142) 30. bxc5 bxc5 31. e5 dxe5 32. Rxe5 1-0

[Event "Championnat 13"]
[Site "Vitrolles"]
[Date "2012.11.10"]
[Round "3"]
[White "Montanelli, Tristan"]
[Black "Bouillot, Quentin"]
[Result "1-0"]
[WhiteElo "1678"]
[BlackElo "1692"]
[Annotator "Gozzoli,Y"]
[PlyCount "77"]
[EventDate "2012.??.??"]
[EventType "swiss"]
[EventRounds "6"]
[EventCountry "FRA"]
[SourceDate "2005.09.12"]

1. c4 Nf6 2. e3 e5 3. a3 Nc6 {Normalement les Blancs jouent Nf3 pour "forcer" .
..Nc6.} ({Les Noirs peuvent donc jouer} 3... c6 $5 {pour pousser d7-d5 et
reprendre avec un pion.}) 4. Nc3 {Les Blancs adoptent un système souple,
semblable à une Sicilienne Taïmanov.} a5 5. Nf3 Bc5 $6 {Je n'aime pas du tout
ce coup qui justifie le dispositif blanc.} (5... d5) (5... Be7) 6. d4 $16 exd4
7. exd4 Ba7 8. Be2 $6 (8. d5 $1 Ne7 9. d6 cxd6 10. Bg5 Ng4 $140 $6 11. Nd4 $16)
8... h6 9. Nb5 O-O 10. O-O $6 (10. d5 Ne7 11. Nxa7 Rxa7 12. O-O $14) 10... d5
$1 11. Bf4 (11. c5 Bb8 {/\ Ne7-g6 puis c7-c6 donne un bon jeu aux Noirs.})
11... Bb8 12. b3 Ne7 $11 {après une ouverture "ratée" non exploitée par les
Blancs, les Noirs ont bien réagi et ont égalisé.} (12... a4 $5 13. b4 (13. bxa4
Na5 $44) 13... Ne7 $11) 13. c5 Nf5 $6 {prend la case du B} (13... Ng6 14. Bg3
c6 15. Nc3 (15. Nd6 Ne4 $1 $15) 15... Re8 $11 {Les Noirs n'ont aucun problème
et vont pouvoir utiliser la case e4 pour leurs pièces.}) 14. Bd3 c6 (14... Ne4
$5) 15. Bxf5 $6 {donne l'important B de cases blanches qui contrôle e4 contre
un N mal placé.} (15. Bxb8 Rxb8 16. Nc3 $11) 15... Bxf4 16. Bxc8 Rxc8 (16...
Qxc8 {était plus précis pour replacer la Q vers une case plus active.} 17. Nc3
Qf5 $15) 17. Nc3 Re8 {La position est assez équilibré, les deux camps ont
leurs problèmes : Le pion a5 est faible ainsi que la case b6, la case e4 et le
pion d4 le sont aussi !} 18. Qc2 {[#]} b6 $6 {Il ne faut pas bouger les pions
du côté de l'échiquier où on est le plus faible !} (18... Ne4 {suivi de f7-f5
donnait de bonnes perspectives aux Noirs.}) 19. Rfe1 (19. cxb6 $1 {pour donner
des cases aux N était meilleur.} Qxb6 20. Na4 $11) 19... bxc5 20. dxc5 Rxe1+ {
Pourquoi donner la colonne 'e' ?} (20... Qd7 $11) 21. Rxe1 Nd7 22. g3 Bc7 23.
Ne2 Qf6 24. Ned4 $14 {Les derniers coups sont assez logiques et les Noirs vont
devoir subir l'arrivée d'un "monstre" en d4.} Be5 25. Nxe5 Nxe5 26. Qd2 $6 {
permet l'échange du fort Nd4.} (26. Kg2 $14) 26... Ra8 $6 {Trop passif} ({Il
fallait sacrifier un pion par} 26... Nf3+ $1 27. Nxf3 Qxf3 28. Re3 Qf5 29. Qxa5
d4 $1 30. Re1 d3 $44 {avec un fort contre-jeu pour le pion.}) 27. f4 {radical
mais affaibli la position du K blanc.} (27. Kg2 $14) 27... Nd7 28. b4 axb4 29.
axb4 Rb8 30. b5 $1 {L'idée de créer un pion passé est la bonne. Cependant les
Noirs ont des ressources.} (30. Kg2 $14) 30... Nxc5 $6 (30... cxb5 $1 31. c6
Nc5 $11) 31. Nxc6 Ne4 $4 (31... Rxb5 $1 32. Qxd5 $14 {le matériel est égal
mais les Noirs vont devoir d'abord résoudre le problème d'harmonie de leurs
pièces avant d'espèrer l'égalité.}) 32. Qd3 $4 (32. Qxd5 $1 {gagne sur le
champ !} Nc3 33. Qd7 Rxb5 34. Ne7+ Kh7 35. Qc8 Qb6+ 36. Kf1 Qb8 37. Qxc3 $18)
32... Rb6 $4 (32... Qb2 $1 $13 {renversait presque la situation, ce sont
maintenant les Blancs qui auraient du faire attention à leur K !}) 33. Qxd5 $18
{cette fois les Blancs ne laissent pas passer leur chance.} Nc3 34. Ne7+ Kh7
35. Qd8 Rb8 36. Qxb8 Qd4+ 37. Kg2 Qd2+ 38. Kh3 Qd7+ 39. f5 1-0

[Event "Championnat 13"]
[Site "Vitrolles"]
[Date "2012.11.10"]
[Round "3"]
[White "Valette, Patrick"]
[Black "Tchifteyan, Philippe"]
[Result "1-0"]
[WhiteElo "1800"]
[BlackElo "1650"]
[Annotator "Gozzoli,Y"]
[PlyCount "117"]
[EventDate "2012.??.??"]
[EventType "swiss"]
[EventRounds "6"]
[EventCountry "FRA"]
[SourceDate "2005.09.12"]

1. e4 c5 2. Nf3 Nc6 3. Bb5 {La variante Rossolimo} a6 $2 {Une faute sérieuse.
Si les Blancs ont donné priorité au développement de leur B, pourquoi  perdre
un temps à les forcer à appliquer leur plan ?} (3... d6) (3... e6) (3... g6) 4.
Bxc6 bxc6 {Maintenant les Blancs vont pouvoir exploiter les cases noires
affaiblies à l'aile-K} 5. c4 $5 d5 6. exd5 $4 {Une énorme faute stratégique.
L'avantage blanc est dû aux pions doublés. Après ces échanges, les Blancs
n'auront aucune compensation pour la paire de B.} (6. d3 $1 dxc4 7. dxc4 Qxd1+
8. Kxd1 $16 {suivi de Nc3-Be3 donnait un clair avantage aux Blancs.}) 6... cxd5
7. cxd5 Qxd5 8. Nc3 $6 {permet aux Noirs d'échanger les Q et se s'emparer de
l'avantage.} (8. O-O Nf6 9. Nc3 Qd6 10. d4 $11) 8... Qe6+ $1 9. Qe2 Qxe2+ $6 (
9... Nf6 {l'important est d'échanger les Q mais sans accélérer le
développement adverse !} 10. O-O Qxe2 11. Nxe2 Bg4 $15) 10. Kxe2 e6 11. d3 Bb7
12. Be3 Nf6 13. Na4 $36 {Les Blancs vont utiliser l'avantage de développement
pour mettre la pression sur la structure noire.} Nd7 14. Rac1 Rc8 15. Rc3 Be7
$6 (15... Bc6 $5 16. Nxc5 Nxc5 17. Rhc1 $1 (17. Bxc5 $4 Bxf3+ 18. Kxf3 Rxc5 $19
) 17... Nxd3 18. Rxd3 f6 $11) 16. Rhc1 $14 {Diagramme [#] Les Blancs ont bien
saisi leur chance et se sont emparés de l'avantage.} Bf6 17. d4 (17. R3c2 $14)
17... O-O 18. Nxc5 Nxc5 19. Rxc5 Ra8 $6 {passif.} (19... Rb8 {pour créer du
jeu sur la colonne ouverte était meilleur.}) 20. g4 h6 $6 {affaibli le roque.}
(20... Bd5 $1 21. a3 a5 $132 {on voit l'importance d'une R sur la colonne 'b'})
21. Ne5 $16 Bd8 22. Nd7 $6 (22. Nc6 $16) 22... Re8 23. R5c3 Re7 ({Les derniers
coups blancs n'ont pas été très précis et les Noirs auraient pu obtenir du
contre-jeu par} 23... Bd5 $1 24. b3 Ba5 25. R3c2 Rad8 26. Ne5 Bb6 $132) 24. Nc5
Bd5 25. a3 $6 {donne les cases blanches.} (25. b3 $14) 25... g5 $1 {Un bon
coup qui fixe l'aile-K et qui peut préparer du contre-jeu à base de la poussée
h6-h5} 26. Nd3 {Les Blancs ont joué 4 coups de N pour le transférer de f3 à d3
!} Bb7 (26... a5 $1) 27. Ne5 {et Hop ! le revoilà !} Kg7 28. Nc6 Re8 $6 {passif
} (28... Rd7 $1) 29. Nxd8 $4 {7 coups de cavaliers pour l'échanger afin
d'obtenir une finale de B de couleurs opposées !} Raxd8 $14 {La présence des R
ne permet pas l'évaluation "=". Cependant les chances blanches sont infîmes.}
30. Rc7 Bc8 $4 {Pourquoi être aussi passif ?} (30... Bd5 $1) 31. R1c5 (31. Kf3
$1 Bd7 32. h4 $1 {pour créer une 2ème faiblesse était pénible pour les Noirs.}
gxh4 33. Rh1 Rh8 34. Rxh4 $16) 31... Kg6 $6 (31... e5 $1 {justifiait Bc8.} 32.
dxe5 Bxg4+ 33. f3 Bd7 $132) 32. Ra7 e5 $6 {trop tard !} (32... Rd6 $16) 33.
dxe5 Bxg4+ 34. f3 Bc8 35. Rc6+ $2 (35. b4 $18 {mettant en marche la majorité
était décisif. Les Noirs n'ont rien à opposer à la poussée des pions blancs à
l'aile-Q.}) 35... Re6 36. Rac7 $6 (36. Rxe6+ fxe6 $14) 36... Rxc6 $6 (36... Bd7
$1 37. Rxe6+ Bxe6 $11 {Les Noirs n'ont aucun problème à tenir l'égalité.}) 37.
Rxc6+ Kg7 38. f4 g4 39. Rc7 $6 (39. Kf2 $16 {Pour menacer vraiment de prendre
a6 sans craindre d'échec sur la diagonale a6-f1 était plus fort.}) 39... h5 40.
Bf2 Be6 41. Rc6 Rc8 42. Rxc8 Bxc8 $11 {[#]} 43. Kd3 Kg6 44. Bh4 Kf5 45. Ke3 Bb7
46. Bg5 Bc6 47. Kd4 Bb5 48. b3 Ke6 $6 (48... Be2 $1 49. a4 Bd1 $1 $11 {Les
Blancs ne peuvent plus progresser à l'aile-Q}) 49. a4 Bc6 50. Kc5 Kd7 $6 (50...
Be4 $1 51. Kb6 Bd3 52. b4 Kd5 53. b5 axb5 54. axb5 Be2 $1 55. Ka5 Bd3 56. b6
Kc6 $11) 51. Kb6 $18 {maintenant l'activité des Blancs est décisive.} Bd5 52.
b4 Bc4 53. b5 $6 (53. f5 $1 Bd3 54. e6+ $1 fxe6 55. f6 $1 $18 {suivi de la
création du pion passé 'b' gagne.}) 53... axb5 54. axb5 Bd5 $4 (54... Bd3 {
posait plus de difficultés techniques aux Blancs.}) 55. Ka7 {maintenant tout
est fini.} Kc8 56. b6 Be4 57. f5 Kd7 58. b7 Bxb7 59. Kxb7 1-0

[Event "Championnat 13"]
[Site "Vitrolles"]
[Date "2012.11.10"]
[Round "3"]
[White "Parroco, Pierre-Jean"]
[Black "Savalle, Mathilde"]
[Result "1-0"]
[WhiteElo "1713"]
[BlackElo "1696"]
[Annotator "Gozzoli,Y"]
[PlyCount "85"]
[EventDate "2012.??.??"]
[EventType "swiss"]
[EventRounds "6"]
[EventCountry "FRA"]
[SourceDate "2005.09.12"]

1. e4 c5 2. Nc3 Nc6 3. g3 {La Sicilienne fermée.} g6 4. Bg2 Bg7 5. d3 d6 (5...
Rb8 {est le coup principal posant le plus de problèmes aux Blancs.}) 6. Be3 Nf6
{Un développement stéréotypé qui va poser beaucoup de problèmes aux Noirs dans
le milieu de jeu.} (6... e6) (6... Nd4) 7. h3 $1 {empêche l'accès à la case g4.
} O-O 8. Qd2 Rb8 {finalement ! Mais le timing n'est pas le bon.} 9. Bh6 {d'où
l'importance d'installer un N rapidement en d4, pour éviter cet échange.} b5
10. h4 $6 {une idée bizarre, qui remet tous les précédents coups blancs en
cause.} (10. Bxg7 Kxg7 11. Nge2 {suivi de 0-0, f4-g4 était prometteur.}) 10...
Nd4 $6 (10... Bxh6 $1 11. Qxh6 Nd4 12. Qd2 e5 $15) 11. Bxg7 Kxg7 12. Nce2 $6 (
12. Nge2 {est plus logique.}) 12... Ne6 $2 {je ne comprend pas l'idée !} (12...
e5 $1 $15) 13. f4 (13. h5 $1 Nxh5 $140 $6 14. g4 Nf6 15. Qh6+ Kg8 16. g5 Nh5
17. Bf3 Neg7 18. Nf4 $1 $18) 13... h5 $6 {très affaiblissant.} (13... d5 $1 {
est la réaction logique.}) 14. Bf3 $6 (14. f5 $1) 14... Rh8 $6 (14... c4 $1)
15. c3 $6 {les derniers coups des deux côtés ne suivent pas de plan logique.}
b4 $1 {enfin quelque chose de concret !} 16. d4 $2 {Les Blancs ouvrent le
centre alors que leur développement est incomplet et que leur K s'y trouve
toujours !} bxc3 17. bxc3 Ba6 (17... cxd4 $1 18. cxd4 Bb7 19. Nc3 d5 $1 $17)
18. d5 $6 (18. f5 $1 $132) 18... Nc7 19. Nh3 Rb6 $17 20. O-O Qb8 $6 (20... Qd7
$1 21. Ng5 Rhb8 $17) 21. Rfc1 Qb7 (21... Bc4 $1) 22. c4 Rb4 $6 (22... Rb2 $1)
23. e5 $1 {Les Noirs n'ont pas puni le jeu trop optimiste des Blancs et vont
subir les conséquences de leur passivité.} Nd7 24. exd6 (24. Ng5 $1) 24... exd6
25. Ng5 Bxc4 26. a3 Ra4 27. Rcb1 Qa6 $2 (27... Qc8 $142) 28. Qc3+ $4 {la case
du Ne2 !} (28. Qb2+ $1 Nf6 29. Ne4 Ncxd5 (29... Nce8 30. N2c3 $1 {gagne du
matériel car après} Ra5 $4 {suivrait} 31. Nxf6 Nxf6 32. Ne4 $18) 30. N2c3 $1
Nxc3 31. Nxf6 $16) 28... f6 $4 (28... Nf6 29. Ne4 Ncxd5 $1 $19) 29. Ne6+ $2 {
la passe tactique n'est pas très précise !} (29. f5 $1 Bxe2 30. Qe3 Re8 31.
Ne6+ Nxe6 32. Bxe2 Nf4 33. Qxe8 Qxe2 34. Qxe2 Nxe2+ 35. Kf2 Nxg3 36. Kxg3 Nb6
37. Re1 Nxd5 38. Rad1 $17) 29... Nxe6 30. dxe6 Bxe6 $19 {Les Noirs ont deux
gros pions de plus.} 31. Qe3 Re8 32. Rb7 Kf8 $4 (32... Bf7 $1 33. Qf2 Re7 $19)
33. f5 $1 Bxf5 34. Qh6+ Ke7 35. Qg7+ $2 (35. Nd4 $1 {le seul coup, mais
difficile à trouver.} Rxd4 36. Re1+ Kd8 37. Rxe8+ Kxe8 38. Qh8+ Nf8 39. Qg7 Nd7
40. Qh8+ Nf8 41. Qg7 $11) 35... Kd8 $19 {les Noirs sont de nouveau gagnants !}
36. Rab1 Rxa3 37. Rb8+ {[#]} Kc7 $4 {Une énorme gaffe.} (37... Nxb8 38. Rxb8+
Bc8 39. Bb7 Ra1+ $19) 38. R8b7+ $4 {???????} (38. R1b7+ $1 Qxb7 39. Rxb7+ Kd8
40. Bc6 $18) 38... Kc8 $4 (38... Kd8 $19) 39. Rxd7 $1 $18 Rxf3 (39... Bxd7 40.
Bb7+ $1) 40. Rc7+ Kd8 41. Rb8+ Qc8 42. Rcxc8+ Bxc8 43. Qb7 1-0